| 000 | 00986nas a2200325 4500 | ||
|---|---|---|---|
| 001 | BR2017001160 | ||
| 003 | BR-BrBNA | ||
| 005 | 20231205130920.0 | ||
| 007 | ta | ||
| 008 | 230509b bl.|||p| |||| 00| 00por d | ||
| 040 |
_aBR-BrBNA _bpor _cBiblioteca Nacional de Agricultura |
||
| 041 | _a(En) | ||
| 072 | _aF60 | ||
| 100 | 1 | _aBacarin, M.A. | |
| 100 | 1 | _aMartinazzo, E.G. | |
| 100 | 1 | _aCassol, D. | |
| 100 | 1 | _aFalqueto, A.R. | |
| 100 | 1 | _aSilva, D.M. | |
| 245 | 1 | _aDaytime variations of chlorophyll a fluorescence in pau d'alho seedlings | |
| 650 | _aPAU D'ALHO | ||
| 650 | _aÁRVORE ANGIOSPERMA | ||
| 650 | _aMUDA | ||
| 650 | _aCLOROFILA | ||
| 650 | _aFOTOSSÍNTESE | ||
| 650 | _aFISIOLOGIA VEGETAL | ||
| 773 | 0 |
_tRevista Árvore (Brazil) _xISSN 1806-9088 _g(Nov-Dec 2016), v. 40(6) p. 1023-1030 _wBR2017001160 |
|
| 856 | 4 | 0 | _uhttp://www.scielo.br/pdf/rarv/v40n6/0100-6762-rarv-40-06-1023.pdf |
| 909 |
_a202311 _bLúcia _c55 _dLúcia Elande |
||
| 942 |
_2AGRIS _n0 _cANA |
||
| 999 |
_c252021 _d252021 |
||